000 00272nam a2200109Ia 4500
008 200302s9999 xx 000 0 und d
100 _aRoy J. Dossat
245 _aPrinciples of Refrigeration 4th ed.
260 _bPearson Education Asia
260 _c1997
300 _a512 P.,
999 _c1277
_d1277